|
|
|
|
| LEADER |
00000nam0a2200000 4500 |
| 001 |
145611 |
| 005 |
20231031144138.0 |
| 035 |
|
|
|a (RuTPU)RU\TPU\book\157843
|
| 090 |
|
|
|a 145611
|
| 100 |
|
|
|a 20081020d1984 k y0rusy50 ca
|
| 101 |
0 |
|
|a rus
|
| 102 |
|
|
|a RU
|
| 105 |
|
|
|a a z 001zy
|
| 200 |
1 |
|
|a Прогрессивные методы изготовления современных оптических приборов
|e межвузовский сборник
|f Новосибирский институт инженеров геодезии, аэрофотосъемки и картографии (НИИГАиК); под ред. А. Н. Соснова
|
| 210 |
|
|
|a Новосибирск
|c НИИГАиК
|d 1984
|
| 215 |
|
|
|a 103 с.
|c ил.
|
| 320 |
|
|
|a Библиография в конце статей
|
| 610 |
1 |
|
|a оптические приборы
|
| 610 |
1 |
|
|a изготовление
|
| 610 |
1 |
|
|a прогрессивные методы
|
| 610 |
1 |
|
|a схемы
|
| 610 |
1 |
|
|a контроль
|
| 610 |
1 |
|
|a качество
|
| 675 |
|
|
|a 681.7.02
|v 3
|
| 702 |
|
1 |
|a Соснов
|b А. Н.
|4 340
|
| 712 |
0 |
2 |
|a Новосибирский институт инженеров геодезии, аэрофотосъемки и картографии (НИИГАиК)
|c (1939-1994)
|2 stltpush
|3 (RuTPU)RU\TPU\col\8121
|
| 801 |
|
1 |
|a RU
|b 63413507
|c 20081020
|g PSBO
|
| 801 |
|
2 |
|a RU
|b 63413507
|c 20130614
|g PSBO
|
| 942 |
|
|
|c BK
|